Регионална библиотека "Любен Каравелов" - Русе

Тайните общества 2 (Запис номер 85517)

MARC детайли
000 -Лидер
Контролно поле с фиксирана дължина 02855nam a2200445 c 4500
003 - Код на организацията, давaща контролен номер
Контролно поле BLK
005 - Дата и час на последна редакция
Контролно поле 20240514175726.0
008 - Елементи от данни с фиксирана дължина
fixed length control field 180408b bul|||||r ||||||| ||bul||
010 ## - Наследен системен номер
LC control number KNG00090117000
020 ## - Международен стандартен номер на книга ISBN
Международен стандартен номер на книга ISBN 978-954-90339-2-2
-- издат.: Оргон
040 ## - Източник на каталожния запис
Идентификатор на билиотеката - собственик на записа BLK
041 ## - Код за език
Код за езика на текст/звукозапис или на отделно заглавие Български
Код за езика КДБФ Български
072 #7 - Код за тематичната категория
Код организация bullib
Код за тематична категория Н00
Текст Общ отдел Н
080 ## - УДК
Текстов определител УДК Организации, асоциации, движения със специални цели и/или области на дейност. Професионални асоциации(Ку-клукс-клан, масони, окултни движения, орден на тамплиерите).
УДК код - определител по УДК 061.23
УДК определител "19"(02.062)
УДК - код + определител 061.23"19"(02.062)
080 ## - УДК
Текстов определител УДК Международни политически отношения. Световна политика. Международна политика. Дипломация
УДК код - определител по УДК 327
УДК определител "19"(02.062)
УДК - код + определител 327"19"(02.062)
080 ## - УДК
Текстов определител УДК Обща световна история. История на света
УДК код - определител по УДК 930.9
УДК определител "19"(02.062)
УДК - код + определител 930.9"19"(02.062)
100 1# - Редна дума - Автор
Автор Хелсинг, Ян ван
Авторска отговорност първи автор
R(LIN) 136727
139 ## - Редно поле
Редна дума Хелсинг, Ян ван
Авторски знак Хел - Х 40
245 10 - Сведения за заглавието
Заглавие Тайните общества 2
Подзаглавни данни Интервю с Ян ван Хелсинг : Връзките на Тайното правителство с Третата световна война, "Черната аристокрация", Римския клуб, Каспар Хаузер, Германския райх, Проекта Галилео и др.
Редно поле (дума) Ян ван Хелсинг; прев. Светослав Коев; * Ян Удо Холей.
257 ## - Страна на издаване
Страна на създаване/издаване Германия
260 ## - Област на издателските данни
-- София
Име на издателя, разпространителя и проч. Оргон
Година на издаване 2009
300 ## - Физическа характеристика
Страници 352 с.
Размери/Мащаб 22 см
380 ## - Жанр
Жанр Общ отдел
500 ## - Общи забележки
Забележка Ориг. загл. Geheimgesellschsaften 2 : Interview mit Jan van Helsing. - Продълж. на Властта на тайните общества през ХХ век или Защо човек не управлява света. - Истинското име на авт. е Ян Удо Холей. - Офс. изд.
650 #4 - Допълнително описание по предмет – тема
Основно описание – тема или топоним Тайни общества - история
9 (RLIN) 300868
650 #4 - Допълнително описание по предмет – тема
Основно описание – тема или топоним История - роля на тайните общеста
9 (RLIN) 300869
650 #4 - Допълнително описание по предмет – тема
Основно описание – тема или топоним Политика - роля на тайните общества
9 (RLIN) 300870
653 ## - Ключова дума – ненормативна
Ключова дума тайни общества
653 ## - Ключова дума – ненормативна
Ключова дума световна конспирация
653 ## - Ключова дума – ненормативна
Ключова дума политика
659 ## - Тематичен бюлетин
Тематичен бюлетин Н
700 1# - Други автори (авторска отговорност)
Лично име Коев, Светослав
Автороска отговорност (Описва отношението между автора и произведението) прев.
9 (RLIN) 370485
700 1# - Други автори (авторска отговорност)
Лично име Холей, Ян Удо
Автороска отговорност (Описва отношението между автора и произведението) *
9 (RLIN) 297470
852 ## - Местоположение
Форматна сигнатура Цб 242778
856 4# - Електронен адрес и достъп
Електронен формат pdf - файл
Път до файла /url/
856 4# - Електронен адрес и достъп
Електронен формат pdf - файл
Път до файла /url/
942 ## - АРТИКУЛИ
Вид на библиотечния материал Книги
Скрит в OPAC Не
Koha issues (borrowed), all copies 13
944 ## - СЪЗДАВАНЕ И РЕДАКЦИЯ на ЗАПИСА
Създаване/Редакция Създаване
Дата на регистрацията/редакция 22.06.2009
Статус, дата на статуса Цветелина Шанова
Служител, извършил регистрацията/редакцията 30531
944 ## - СЪЗДАВАНЕ И РЕДАКЦИЯ на ЗАПИСА
Създаване/Редакция Редакция
Дата на регистрацията/редакция 10.03.2016
Статус, дата на статуса ф /
Служител, извършил регистрацията/редакцията Людмила_Стоянова
999 ## - СИСТЕМНИ КОНТРОЛНИ НОМЕРА
Koha biblionumber 85517
Koha biblioitemnumber 85517
Наличности
Код за отписване Код за изгубен артикул Код за повреда Коз за рестрикции Код за отдаване Артикулен № Име на библиотеката - собственик Име на библиотеката, в която се намира в момента Статус (Текущо местоположение) Дата на вписване в системата Местоположение - отдел Цена в лева Инвентарен номер Систематично азбучна сигнатура Баркод Номер на екземпляра Цена в евро Служебна бележка Служебен тип на артикула
  Не е изгубен Не е повреден без рестрикции заемане за дома 138699 Регионална библиотека "Любен Каравелов" Русе Регионална библиотека "Любен Каравелов" Русе Заемна - подръчен фонд 2009-06-23 Заемна - подръчен фонд 15.90 120000736399 П 06/Х 40 120000736399 1 8.13 Дост: Pk Вид: Ф N: 45 Дата: 23.06.2009 Дата инв: 01.02.2018 Бележки инв: П2018 Книги
  Не е изгубен Не е повреден без рестрикции заемане за дома 138700 Регионална библиотека "Любен Каравелов" Русе Регионална библиотека "Любен Каравелов" Русе Заемна - подръчен фонд 2015-05-28 Заемна - подръчен фонд 16.90 120000788341 П 06/Х 40 120000788341 2 8.64 Дост: Pk Вид: Ф N: 432 Дата: 22.05.2015 Дата инв: 01.02.2018 Бележки инв: П2018 Книги
  Не е изгубен Не е повреден без рестрикции заемане за дома 138701 Регионална библиотека "Любен Каравелов" Русе Регионална библиотека "Любен Каравелов" Русе Заемна - подръчен фонд 2015-12-28 Заемна - подръчен фонд 15.90 120000796275 П 06/Х 40 120000796275 3 8.13 Дост: DA Вид: А N: 27 Дата: 28.12.2015 Дата инв: 06.02.2018 Бележки инв: П2018 Книги
  Не е изгубен Не е повреден без рестрикции ползва се в читалня 138702 Регионална библиотека "Любен Каравелов" Русе Регионална библиотека "Любен Каравелов" Русе Хранилище 2016-01-19 Основен фонд - ползва се само за читалня 15.90 120000797047 Цб 242778 120000797047 4 8.13 Дост: DA Вид: А N: 1 Дата: 19.01.2016 Книги
Vip Innovations Ltd, Rousse, Bulgaria 2025